Normal view
MARC view
Entry Personal Name
001 - CONTROL NUMBER
- control field: 4199
003 - CONTROL NUMBER IDENTIFIER
- control field: HDC
005 - DATE AND TIME OF LATEST TRANSACTION
- control field: 20230624073157.0
008 - FIXED-LENGTH DATA ELEMENTS
- fixed length control field: 210115|| aca||aabn | a|a d
040 ## - CATALOGING SOURCE
- Original cataloging agency: HDC
- Transcribing agency: HDC
100 ## - HEADING--PERSONAL NAME
- Personal name: Doughty, R
670 ## - SOURCE DATA FOUND
- Source citation: Work cat.: (HDC): Pimentel, D. author 4198, Food security and environmental quality in the developing world : Chapter 8:, c2003.
